|
|
|
|
| LEADER |
01611nam a2200385 4500 |
| 001 |
on1124762483 |
| 003 |
OCoLC |
| 005 |
20200326101204.0 |
| 006 |
m o d |
| 007 |
cr cnu---unuuu |
| 008 |
191022s2019 mau o 001 0 eng d |
| 040 |
|
|
|a OPELS
|b eng
|e rda
|e pn
|c OPELS
|d OCLCF
|d N$T
|d GrThAP
|
| 020 |
|
|
|a 9780128188569
|q (electronic bk.)
|
| 020 |
|
|
|a 0128188561
|q (electronic bk.)
|
| 020 |
|
|
|a 9780128188552
|q (print)
|
| 035 |
|
|
|a (OCoLC)1124762483
|
| 050 |
|
4 |
|a RC455.4.B5
|
| 082 |
0 |
4 |
|a 616.89
|2 23
|
| 245 |
0 |
0 |
|a Molecular basis of neuropsychiatric disorders :
|b from bench to bedside /
|c edited by Shafiqur Rahman.
|
| 264 |
|
1 |
|a Cambridge, MA :
|b Academic Press is an imprint of Elsevier,
|c 2019.
|
| 300 |
|
|
|a 1 online resource.
|
| 336 |
|
|
|a text
|b txt
|2 rdacontent
|
| 337 |
|
|
|a computer
|b c
|2 rdamedia
|
| 338 |
|
|
|a online resource
|b cr
|2 rdacarrier
|
| 490 |
1 |
|
|a Progress in Molecular Biology and Translational Science ;
|v volume 167
|
| 500 |
|
|
|a Includes index.
|
| 588 |
0 |
|
|a Print version record.
|
| 650 |
|
0 |
|a Neurobehavioral disorders
|x Molecular aspects.
|
| 650 |
|
0 |
|a Molecular biology.
|
| 650 |
|
7 |
|a Molecular biology.
|2 fast
|0 (OCoLC)fst01024734
|
| 655 |
|
4 |
|a Electronic books.
|
| 700 |
1 |
|
|a Rahman, Shafiqur,
|d 1963-
|e editor.
|
| 776 |
0 |
8 |
|i Print version:
|t Molecular basis of neuropsychiatric disorders.
|d Cambridge, MA : Academic Press is an imprint of Elsevier, 2019
|w (OCoLC)1124310766
|
| 830 |
|
0 |
|a Progress in molecular biology and translational science ;
|v v. 167.
|
| 856 |
4 |
0 |
|3 ScienceDirect
|u https://www.sciencedirect.com/science/bookseries/18771173/167
|z Full Text via HEAL-Link
|